000
00293nam a22001217a 4500
082
_a
621.37 MIC'E
100
_a
MICHELS, W. C
_9
59191
245
_a
ELECTRICAL MEASUREMENTS AND THEIR APPLICATIONS
250
_a
5TH
260
_a
NEWYORK
_b
D. VAN NOSTRAND
_c
1957
300
_a
331P
942
_c
BK
999
_c
569227
_d
569227